000 00472nam a2200181Ia 4500
003 LK-CoDNM
008 010623t2005 xxu||||| |||| 00| 1 sin d
040 _aLK-CoDNM
_dLK-CoDNM
_eLK-CoDNM
041 _asin
080 _a809.13
_bPRA
100 _aRev.Pragnawansha, Balangoda
245 _aපාළි පාඨමාලාව
246 _aPali patamalawa
260 _bS.Godage
_aColombo
_c2005
300 _b256, 21.5 cm
650 _aPali Language
942 _cBK
999 _c124836
_d124836